Vedecko-technologický inkubátor, Bratislava
Uložené v:
| Hlavný autor: | |
|---|---|
| Ďalší autori: | |
| Médium: | Rukopis Kniha |
| Jazyk: | Slovak |
| Vydavateľské údaje: |
2025
|
| Predmet: | |
| On-line prístup: | http://is.stuba.sk/zp/portal_zp.pl?podrobnosti=186094 |
| Tagy: |
Žiadne tagy, Buďte prvý, kto otaguje tento záznam!
|
MARC
| LEADER | 00000ntm a22000003a 4500 | ||
|---|---|---|---|
| 001 | stuzp104720 | ||
| 003 | SK-STU | ||
| 005 | 20250607210739.7 | ||
| 007 | ta | ||
| 008 | 150427s2015----xo-----f-mn---000-0-slo-d | ||
| 040 | |a STU |b slo | ||
| 041 | 0 | |a slo | |
| 100 | 1 | |a Osvicinská, Vita |u 055150 |4 aut |U FAD Fakulta architektúry a dizajnu |T FAD Ústav interiéru a výstavníctva |X 105760 |U A5150 |Y 396 |7 105760 | |
| 242 | 0 | 1 | |a Science and Technology Incubator, Bratislava |y eng |
| 245 | 1 | 0 | |a Vedecko-technologický inkubátor, Bratislava |
| 260 | |c 2025 | ||
| 650 | 4 | |a inovation |2 eng | |
| 650 | 4 | |a science |2 eng | |
| 650 | 4 | |a architecture |2 eng | |
| 650 | 4 | |a veda |2 slo | |
| 650 | 4 | |a inovácia |2 slo | |
| 650 | 4 | |a výskum |2 slo | |
| 700 | 1 | |a Daniel, Peter |u 055150 |k Z1 |4 ths |U FAD Fakulta architektúry a dizajnu |T FAD Ústav interiéru a výstavníctva |X 388 |U A5150 |Y 396 |7 A000000388 | |
| 856 | 4 | |u http://is.stuba.sk/zp/portal_zp.pl?podrobnosti=186094 | |